| 000 | 00707nam a2200205Ii 4500 | ||
|---|---|---|---|
| 003 | JO-AjNU | ||
| 008 | 230605s9999||||xx |||||||||||||| ||und|| | ||
| 040 |
_aJO-AjNU _bara _erda _cJO-AjNU |
||
| 041 | _aara | ||
| 050 | 1 | 4 | _aDS247 1996 |
| 100 | 3 |
_aأحمد، حسن خضيري, _eauthor _97806 |
|
| 245 | 0 | 0 | _aقيام الدولة الزيدية في اليمن 280-298 هجري/ 893-911 م |
| 250 | _aط1 | ||
| 264 | 3 | 1 | _aالقاهرة: مكتبة مدبولي، 1996 |
| 300 | _a240ص | ||
| 336 |
_atext _btxt _2rdacontent |
||
| 337 |
_aunmediated _bn _2rdamedia |
||
| 338 |
_avolume _bnc _2rdacarrier |
||
| 650 | 4 |
_aالدولة الزيدية - اليمن 280-298 هجرس/ 893-911 م- تاريخ _97807 |
|
| 999 |
_aA466 _c4034 _d4034 |
||